| 000 -Etiqueta do registo | |
|---|---|
| campo de controlo de comprimento fixo | 006340000a22002170004500 |
| 001 - Identificador do registo | |
| Campo de controlo | 52437 |
| 021 ## - Nº depósito legal | |
| Código do país | Portugal |
| Número | 271731/08 |
| 100 ## - Dados Gerais de Proc. | |
| Dados gerais de processamento | 20170314d2017 k y0pory5003 ba |
| 101 0# - Língua da publicação | |
| Língua do texto, banda sonora, etc. | Português |
| 102 ## - País de Publicação | |
| País de publicação | Portugal |
| 200 1# - Título | |
| Título próprio | Smoke and fire |
| Primeira menção de responsabilidade | Catarina Chase Aleixo |
| Outras menções de responsabilidade | il. Marta Teives |
| 210 ## - Publicação, Distribuição | |
| Lugar da edição, distribuição, etc. | Lisboa |
| Nome do editor, distribuidor, etc. | Texto |
| Data da publicação, distribuição, etc. | 2008 |
| 215 ## - Descrição física | |
| Descrição física | 32 p. |
| Outras indicações físicas | il. |
| 606 ## - Nome comum | |
| Koha Internal code | 2117 |
| Elemento de entrada | Literatura inglesa |
| 675 ## - CDU | |
| Notação | 821.111-93 |
| Edição | BN |
| Língua da edição | Português |
| 700 #1 - Responsabilidade principal | |
| Koha Internal Code | 6406 |
| Palavra de ordem | Aleixo |
| Outra parte do nome | Catarina Chase |
| 702 #1 - Responsabilidade secundária | |
| Koha Internal Code | 44984 |
| Código de função | Ilustrador |
| Palavra de ordem | Teives |
| Outra parte do nome | Marta |
| 801 ## - Fonte de origem | |
| País | Portugal |
| Data da última transacção | 20170314 |
| 090 ## - Números de controlo do sistema (Koha) | |
| Número biblioitem do Koha (gerado automaticamente) | 52437 |
| 942 ## - Elementos de entrada adicionados (Koha) | |
| Tipo de item no Koha | Monografias |
| Suprimido | Disponível no OPAC |
| 999 ## - Campo local | |
| Campo local | 52437 |
| Perdido (estado) | Data de aquisição | Origem do registo (biblioteca) (codificado) | Código da organização que empresta ou é detentora (biblioteca) | Código de barras | Número de inventário | Cota | Tipo de circulação (não pode ser emprestado) | Tipo de item e material |
|---|---|---|---|---|---|---|---|---|
| Disponível | 2017-03-14 | Biblioteca EB23 D. Paio Peres Correia | Biblioteca EB23 D. Paio Peres Correia | BEBDPPC8367 | 8367 | 82.01(ING) ALE | Normal | Monografias |